| 000 | 004360000a22001570004500 | ||
|---|---|---|---|
| 003 | MACL | ||
| 005 | 20180307165547.0 | ||
| 008 | 180307b xxu||||| |||| 00| 0 eng d | ||
| 040 | _cmacl | ||
| 100 |
_aवासुदेवशरण अग्रवाल _939790 |
||
| 245 | _aवैदिक गणित | ||
| 260 |
_aबनारसीदास _c1965 |
||
| 350 | _a100 | ||
| 650 |
_aगणित _971075 |
||
| 942 |
_cHIN _k510 _2ddc |
||
| 999 |
_c47130 _d47130 |
||